| 000 | 01640nam a2200493 i 4500 | ||
|---|---|---|---|
| 001 | 3527 | ||
| 003 | KOSZ 005 | ||
| 005 | 20201201091230.0 | ||
| 008 | 971113s1987 pl a f f |000 0 pol | ||
| 015 | _aUWD 1988/69 | ||
| 020 | _a8321329780 | ||
| 020 | _a8321333737 | ||
| 035 | _a991002930199705066 | ||
| 035 | _a(PL-WaBN)b10793975-48omnis_nlop | ||
| 035 | _ab10793975 | ||
| 035 | _a(OCoLC)749875080 | ||
| 035 | _a(PL)b0000001079397 | ||
| 035 | _a(EXLNZ-48OMNIS_NETWORK)9910328392505606 | ||
| 040 |
_aWA N _cWA N _dKOSZ 005/HR |
||
| 046 | _k1987 | ||
| 080 | _a628.1 | ||
| 080 | _a(075.8) | ||
| 245 | 0 | 0 |
_aUrządzenia do uzdatniania wody : _bzasady projektowania i przykłady obliczeń / _cpraca napisana pod kier. Zbigniewa Heidricha ; [aut.] Z. Heidrich [et al.]. |
| 250 | _aWyd. 2 zm. i uzup. | ||
| 260 |
_aWarszawa : _b"Arkady", _c1987. |
||
| 300 |
_a349, [3] s. : _brys., wykr. ; _c24 cm. |
||
| 336 |
_aTekst _btxt _2rdacontent |
||
| 337 |
_aBez urządzenia pośredniczącego _bn _2rdamedia |
||
| 338 |
_aWolumin _bnc _2rdacarrier |
||
| 380 | _aKsiążki | ||
| 380 | _aPublikacje dydaktyczne | ||
| 385 |
_mPoziom nauczania _aSzkoły wyższe |
||
| 388 | _a1901-2000 | ||
| 388 | _a1945-1989 | ||
| 504 | _aBibliogr. przy rozdz. | ||
| 650 | 7 |
_aStacje uzdatniania wody _2DBN |
|
| 650 | 7 | _aProjektowanie | |
| 658 | _aInżynieria i technika | ||
| 700 | 1 |
_aHeidrich, Zbigniew _eAutor |
|
| 710 | 2 |
_aWydawnictwo Arkady _4pbl |
|
| 856 |
_uhttp://koha.tu.koszalin.pl/cgi-bin/koha/opac-detail.pl?biblionumber=3527 _yKatalog online BPK |
||
| 942 |
_2UKD _cKS |
||
| 999 |
_c3527 _d3527 |
||